header

Can I change your mind? (Record no. 115620)

MARC details
000 -LEADER
fixed length control field 01124nam a2200301Ia 4500
082 04 - DEWEY DECIMAL CLASSIFICATION NUMBER
Classification number 808.06665
100 1# - MAIN ENTRY--AUTHOR NAME
Personal name Camp, Lindsay.
245 10 - TITLE STATEMENT
Title Can I change your mind?
260 ## - PUBLICATION, DISTRIBUTION, ETC. (IMPRINT)
Place of publication London :
Name of publisher A. & C. Black,
Year of publication 2007.
300 ## - PHYSICAL DESCRIPTION
Number of Pages ix, 246 p.
500 ## - GENERAL NOTE
General note Includes index.
650 #0 - SUBJECT ADDED ENTRY--TOPICAL TERM
Topical Term Business writing.
Topical Term Persuasion (Rhetoric)
856 40 - ELECTRONIC LOCATION AND ACCESS
Uniform Resource Identifier http://site.ebrary.com/lib/rucke/Doc?id=10196619

No items available.

© 2026 Rongo University
Contact us: librarian | system librarian | Rongo university